000 00840nam0a22002651 4500
001 rc\3244516
005 20250609170600.0
035 _a(NLR Aleph) 007377531
090 _a6472466
_c6472466
100 _a20130115d1969 |||y0rusy50 ca
101 0 _arus
102 _aRU
105 _aa z |||||
200 1 _aДвижущиеся игрушки
_fЦентр. станция юных техников РСФСР
210 _aМосква
_cМалыш
_d1969
215 _a1 л. ил.
_cтекст
_d23
225 1 _aДля умелых рук
_v№ 3 (285)
311 _aПрил. к журн. "Юный техник"
422 0 _12001#$aЮный техник
_tЮный техник
700 1 _aХохлов
_bП.В.
801 0 _aRU
_bNLR
_gpsbo
801 1 _aRU
_bELAR
_2rusmarc
852 _aNLR
_jП49/855
942 _cBOOK
980 _aNB